| 000 | 00686nam a22002057a 4500 | ||
|---|---|---|---|
| 003 | 0 | ||
| 005 | 20250129104108.0 | ||
| 008 | 150928b xxu||||| |||| 00| 0 eng d | ||
| 050 |
_aPGS LC 316 _b.Ot87 2015 |
||
| 100 | _aOtake, Masaichi G. | ||
| 245 |
_aVarsity involvement and academic performance / _cMasaichi G. Otake. |
||
| 260 |
_aLas PiƱas City, Philippines : _bSouthville International School and Colleges, _c2015. |
||
| 300 |
_a31 p. : _bill. ; _c28 cm. |
||
| 504 | _aIncludes bibliographical references. | ||
| 650 | _aAcademic achievement. | ||
| 650 | _aExtracurricular activities. | ||
| 650 | _aSports in education. | ||
| 650 | _aStudent activities. | ||
| 942 |
_2lcc _cPASS |
||
| 999 |
_c288758 _d288758 |
||